• 首页
  • 本馆介绍
  • 公告通知
  • 最新文献
  • 馆藏检索
  • 电子资源
  • 读者导购
  • 参考咨询
  • 我的图书馆
  • 登录
  • 详细信息显示
  • 放入我的书架
  • 预约/预借图书
  • 作者相关作品
  • 分类相关作品
  • 丛书相关作品
  • 出版社相关作品

书目信息

  • 表格格式
  • 工作单格式
  • 卡片格式
题名:
孩子的情商是培养出来的
    
 
作者: 马紫月 著
分册:  
出版信息: 北京   北京联合出版公司  2021.11
页数: 262页
开本: 24cm
丛书名:
单 册:
中图分类: G781-49
科图分类:
主题词: 儿童教育--家庭教育--通俗读物
电子资源:
ISBN: 978-7-5596-5564-6
000 01070nam0 2200241 450
001 012001001504
005 20140201152156.0
010    @a978-7-5596-5564-6@dCNY49.80
100    @a20220905d2021 em y0chiy50 ea
101 0  @achi
102    @aCN@b110000
105    @ay z 000yy
106    @ar
200 1  @a孩子的情商是培养出来的@Ahai zi de qing shang shi pei yang chu lai de@f马紫月著
210    @a北京@c北京联合出版公司@d2021.11
215    @a262页@d24cm
300    @a磨铁
330    @a本书总结孩子情商培养的5大路径的实用方法。全书共分五章。前两章讨论如何帮孩子处理好和自己的关系;第三章通过亲子互动中最常见的六种场景——建立同理心、说谎、逆反行为、批评、立规矩和家庭教养观念不一致的处理方式——来为父母们提供亲子沟通方法;第四章以孩子在成长中最常遇到的挫折——学习困难为例,教给父母们如何引导孩子走出逆境、重新建立自信的方法;第五章分享如何培养孩子适应社会的能力,提升人际关系。
606 0  @a儿童教育@x家庭教育@j通俗读物
690    @aG781-49@v5
701  0 @a马紫月@Ama zi yue@c(女)@4著
801  0 @aCN@bAHXH@c20221111
905    @b1366401-5@dG781-49@e2803@f5
    
    孩子的情商是培养出来的/马紫月著.-北京:北京联合出版公司,2021.11
    262页;24cm
    磨铁
    
    ISBN 978-7-5596-5564-6:CNY49.80
    本书总结孩子情商培养的5大路径的实用方法。全书共分五章。前两章讨论如何帮孩子处理好和自己的关系;第三章通过亲子互动中最常见的六种场景——建立同理心、说谎、逆反行为、批评、立规矩和家庭教养观念不一致的处理方式——来为父母们提供亲子沟通方法;第四章以孩子在成长中最常遇到的挫折——学习困难为例,教给父母们如何引导孩子走出逆境、重新建立自信的方法;第五章分享如何培养孩子适应社会的能力,提升人际关系。
●
相关链接 在E读中查询图书 在五车中查询图书 在当当中查询图书 在豆瓣中查询图书


正题名:孩子的情商是培养出来的     索取号:G781-49/2803         预约/预借

序号 登录号 条形码 馆藏地/架位号 状态 备注
1 1366401   213664015   第一样本阅览室/ [索取号:G781-49/2803] 在馆    
2 1366402   213664024   教育系资料室/ [索取号:G781-49/2803] 在馆    
3 1366403   213664033   教育系资料室/ [索取号:G781-49/2803] 在馆    
4 1366404   213664042   第四借阅区/ [索取号:G781-49/2803] 在馆    
5 1366405   213664051   第四借阅区/ [索取号:G781-49/2803] 在馆    
唐山师范学院图书馆 欢迎您!
大连网信软件有限公司© 版权所有